Library Banner

The year of living biblically : (Record no. 98261)

MARC details
000 -LEADER
fixed length control field 01556cam a2200205 a 4500
001 - CONTROL NUMBER
control field 14758795
005 - DATE AND TIME OF LATEST TRANSACTION
control field 20170919110249.0
008 - FIXED-LENGTH DATA ELEMENTS--GENERAL INFORMATION
fixed length control field 070306s2007 nyua b 001 0deng
020 ## - INTERNATIONAL STANDARD BOOK NUMBER
International Standard Book Number 0743291476
020 ## - INTERNATIONAL STANDARD BOOK NUMBER
International Standard Book Number 9780743291477
040 ## - CATALOGING SOURCE
Transcribing agency PK-LaUMT
082 00 - DEWEY DECIMAL CLASSIFICATION NUMBER
Classification number 220
Edition number 22
Item number JAC-Y
100 1# - MAIN ENTRY--PERSONAL NAME
Personal name Jacobs, A. J.
245 14 - TITLE STATEMENT
Title The year of living biblically :
Remainder of title one man's humble quest to follow the Bible as literally as possible /
Statement of responsibility, etc A.J. Jacobs
260 ## - PUBLICATION, DISTRIBUTION, ETC. (IMPRINT)
Place of publication, distribution, etc New York :
Name of publisher, distributor, etc Simon & Schuster,
Date of publication, distribution, etc 2007
300 ## - PHYSICAL DESCRIPTION
Extent 388 p. :
Other physical details ill. ;
Dimensions 25 cm.
520 ## - SUMMARY, ETC.
Summary, etc Raised in a secular family but interested in the relevance of faith in our modern world, A.J. Jacobs decides to attempt to obey the Bible as literally as possible for one full year. He vows to follow the Ten Commandments. To be fruitful and multiply. To love his neighbor. But also to obey the hundreds of less publicized rules: to avoid wearing clothes made of mixed fibers; to stone adulterers. The resulting spiritual journey is at once funny and profound, reverent and irreverent, personal and universal and will make you see history's most influential book with new eyes. Jacobs embeds himself in a cross-section of communities that take the Bible literally: he tours a creationist museum and sings hymns with Amish; he dances with Hasidic Jews and does Scripture study with Jehovah's Witnesses. He wrestles with seemingly archaic rules that baffle the 21st-century brain, and he discovers ancient wisdom of startling relevance.--From publisher description.
650 #0 - SUBJECT ADDED ENTRY--TOPICAL TERM
Topical term or geographic name as entry element Christian life.
942 ## - ADDED ENTRY ELEMENTS (KOHA)
Koha item type Books
Holdings
Withdrawn status Lost status Damaged status Home library Current library Date acquired Full call number Barcode Date last seen Price effective from Koha item type
      UMT Main Campus UMT Main Campus 2017-09-19 220 JAC-Y 114178 2017-09-19 2017-09-19 Books